Cómo enseñar con las nuevas tecnologias en la escuela de hoy (Registro nro. 30876)

Detalles MARC
000 -CABECERA
Longitud fija campo de control 01925nam a2200253 a 4500
003 - • IDENTIFICADOR DELl NÚMERO DE CONTROL
Identificador del número de control CO-ViMGA
008 - • CÓDIGOS DE INFORMACIÓN DE LONGITUD FIJA
Códigos de información de longitud fija 141112s2004 ck r 000 u spa d
040 ## - FUENTE DE LA CATALOGACIÓN
Centro catalogador de origen CO-ViMGA
Lengua de catalogación spa
Centro transcriptor CO-ViMGA
082 04 - • NÚMERO DE LA CLASIFICACIÓN DECIMAL DEWEY
Número de clasificación (R) 371.3 C656
100 1# - • PUNTO DE ACCESO PRINCIPAL-NOMBRE DE PERSONA
Nombre de persona Hernández, Mariela
245 10 - • TITULO PROPIAMENTE DICHO
Título Cómo enseñar con las nuevas tecnologias en la escuela de hoy
300 ## - • DESCRIPCIÓN FÍSICA
Extensión 3 V + 1 CD - ROM
500 ## - • NOTA GENERAL
Nota general Vol. y núm. : 3 +CD - ROM
505 ## - • NOTA DE CONTENIDO CON FORMATO
Nota de contenido con formato Volumen 1 : El cótel tecnológico : Que es la tecnologia, Ciencia, tecnica, tecnología, educación y sociedad, diferencias entre ciencia y tecnologia, tecnologia y cultura, como aprovechar los beneficios tecnólogicos, La tecnologia y la sociedad, la tecnologia y sus olas, la educación tecnologica en la escuela, el campo de la tecnologia educativa, materiales y recursos didacticos 1 - 130 - - VOLUMEN 2 : Educación y medios de comunicación, la escuela a la defensiva, necesidad de una educación en medios, la alfabetizacion en medios, imagenes de radio, caracteristicas de la comunicacion radial, la radio como instrumento educativo, el formato radiofonico, actividades segun las tareas rradiofonicas, radioteatro 130 - 214 - - VOLUMEN 3 : La sociedad de la informacion, la globalizacion, que se entiende por nuevas tecnologias, nuevas tecnologias y la cultura y la educación , modas tecnologicas y educación, nuevas tecnologia y gestion del conocimiento, que es la web?, que es el internet?, que es el web - mail?, el chat? 258 - 336
590 ## - NOTAS LOCALES
Nota local Forma de adquisición : Compra - - Precio : 199.000 - - Proveedor : Dismet - - Fecha de adquisición : 2008
650 14 - • PUNTO DE ACCESO ADICIONAL DE MATERIA - TÉRMINO DE MATERIA
Término de materia o nombre geográfico como elemento inicial BIOGRAFIAS DE PEDAGOGOS
650 14 - • PUNTO DE ACCESO ADICIONAL DE MATERIA - TÉRMINO DE MATERIA
Término de materia o nombre geográfico como elemento inicial educación POR INTERNET
650 14 - • PUNTO DE ACCESO ADICIONAL DE MATERIA - TÉRMINO DE MATERIA
Término de materia o nombre geográfico como elemento inicial ENSEÑANZA CON AYUDA DE COMPUTADORES
650 14 - • PUNTO DE ACCESO ADICIONAL DE MATERIA - TÉRMINO DE MATERIA
Término de materia o nombre geográfico como elemento inicial INNOVACIONES EDUCATIVAS
650 14 - • PUNTO DE ACCESO ADICIONAL DE MATERIA - TÉRMINO DE MATERIA
Término de materia o nombre geográfico como elemento inicial TECNOLOGIA EDUCATIVA
942 ## - ENTRADA DE ELEMENTOS AGREGADOS (KOHA)
Fuente de clasificaión o esquema Dewey Decimal Classification
Koha [por defecto] tipo de item LIbro
Existencias
Perdido Fuente de clasificación o esquema Estado Físico No para préstamo Forma de adquisición Localización permanente Localización actual Fecha adquisición Serie de enumeración / cronolog&íacute;a Préstamos totales Signatura completa Código de barras Fecha última consulta Número de copia Fecha del precio de reemplazo Tipo de item de Koha
  Dewey Decimal Classification     Sala General Segundo Piso Biblioteca Pública Germán Arciniegas - Villavicencio Biblioteca Pública Germán Arciniegas - Villavicencio 12/04/2015 Volumen. 1 | 01/nov/2013   371.3 C656 22575 - 1 12/04/2015 Ej. 1 12/04/2015 LIbro
  Dewey Decimal Classification     Sala General Segundo Piso Biblioteca Pública Germán Arciniegas - Villavicencio Biblioteca Pública Germán Arciniegas - Villavicencio 12/04/2015 Volumen. 2 | 01/nov/2013   371.3 C656 22575 - 2 12/04/2015 Ej. 1 12/04/2015 LIbro
  Dewey Decimal Classification     Sala General Segundo Piso Biblioteca Pública Germán Arciniegas - Villavicencio Biblioteca Pública Germán Arciniegas - Villavicencio 12/04/2015 Volumen. 3 | 11/jun/2009   371.3 C656 22575 - 3 12/04/2015 Ej. 1 12/04/2015 LIbro









Instituto Departamental de Cultura del Meta - Red Departamental de Bibliotecas Públicas del Meta.